<?xml version="1.0" encoding="UTF-8"?>
<record
    xmlns:xsi="http://www.w3.org/2001/XMLSchema-instance"
    xsi:schemaLocation="http://www.loc.gov/MARC21/slim http://www.loc.gov/standards/marcxml/schema/MARC21slim.xsd"
    xmlns="http://www.loc.gov/MARC21/slim">

  <leader>03383nam a2200529Ia 4500</leader>
  <controlfield tag="001">3065</controlfield>
  <controlfield tag="008">241029s9999    xx            000 0 und d</controlfield>
  <datafield tag="010" ind1=" " ind2=" ">
    <subfield code="a">2875</subfield>
  </datafield>
  <datafield tag="041" ind1=" " ind2=" ">
    <subfield code="a">Espa&#xF1;ol</subfield>
  </datafield>
  <datafield tag="082" ind1=" " ind2=" ">
    <subfield code="a">MA-ES 0025 FH 2005</subfield>
  </datafield>
  <datafield tag="245" ind1=" " ind2="0">
    <subfield code="a">Estrategias metodol&#xF3;gicas utilizadas por los y las docentes del &#xE1;rea de letras b&#xE1;sicas del Centro Universitario Regional de Nagua (CURNA), en el proceso ense&#xF1;anza-aprendizaje: Su efectividad e incidencia en el desarrollo del l&#xE9;xico de los educandos, en el Semestre 2004-1</subfield>
  </datafield>
  <datafield tag="260" ind1=" " ind2=" ">
    <subfield code="a">Mar&#xED;a Trinidad S&#xE1;nchez</subfield>
  </datafield>
  <datafield tag="300" ind1=" " ind2=" ">
    <subfield code="a">81</subfield>
  </datafield>
  <datafield tag="520" ind1=" " ind2=" ">
    <subfield code="a">12</subfield>
  </datafield>
  <datafield tag="630" ind1=" " ind2=" ">
    <subfield code="a">Estrategia Metodol&#xF3;gica</subfield>
  </datafield>
  <datafield tag="650" ind1=" " ind2=" ">
    <subfield code="a">Lengua Espa&#xF1;ola</subfield>
  </datafield>
  <datafield tag="690" ind1=" " ind2=" ">
    <subfield code="a">Elaborado</subfield>
  </datafield>
  <datafield tag="700" ind1=" " ind2=" ">
    <subfield code="e">asesor</subfield>
    <subfield code="a"> De los Santos, Julio</subfield>
  </datafield>
  <datafield tag="700" ind1=" " ind2=" ">
    <subfield code="e">autor</subfield>
    <subfield code="a">Gonz&#xE1;lez Mart&#xED;nez, Seferina</subfield>
  </datafield>
  <datafield tag="700" ind1=" " ind2=" ">
    <subfield code="e">autor</subfield>
    <subfield code="a">Abreu, Sarah</subfield>
  </datafield>
  <datafield tag="901" ind1=" " ind2=" ">
    <subfield code="a">{"1":"Gonz&#xE1;lez Mart&#xED;nez","2":"Abreu"}</subfield>
    <subfield code="b">{"1":"Seferina","2":"Sarah"}</subfield>
  </datafield>
  <datafield tag="902" ind1=" " ind2=" ">
    <subfield code="a">1</subfield>
  </datafield>
  <datafield tag="903" ind1=" " ind2=" ">
    <subfield code="a">{"1":" De los Santos"}</subfield>
    <subfield code="b">{"1":"Julio"}</subfield>
  </datafield>
  <datafield tag="904" ind1=" " ind2=" ">
    <subfield code="a">Mag&#xED;ster en</subfield>
  </datafield>
  <datafield tag="905" ind1=" " ind2=" ">
    <subfield code="a">Educaci&#xF3;n Superior</subfield>
  </datafield>
  <datafield tag="906" ind1=" " ind2=" ">
    <subfield code="a">2</subfield>
  </datafield>
  <datafield tag="907" ind1=" " ind2=" ">
    <subfield code="a">NO APLICA</subfield>
  </datafield>
  <datafield tag="908" ind1=" " ind2=" ">
    <subfield code="a">NO APLICA</subfield>
  </datafield>
  <datafield tag="909" ind1=" " ind2=" ">
    <subfield code="a">Universidad Aut&#xF3;noma de Santo Domingo (UASD)</subfield>
  </datafield>
  <datafield tag="910" ind1=" " ind2=" ">
    <subfield code="a">NULL</subfield>
    <subfield code="b">NULL</subfield>
  </datafield>
  <datafield tag="911" ind1=" " ind2=" ">
    <subfield code="a">["1"]</subfield>
  </datafield>
  <datafield tag="912" ind1=" " ind2=" ">
    <subfield code="a">NO APLICA</subfield>
  </datafield>
  <datafield tag="913" ind1=" " ind2=" ">
    <subfield code="a">NULL</subfield>
  </datafield>
  <datafield tag="914" ind1=" " ind2=" ">
    <subfield code="a">02 de Mayo de 2005</subfield>
  </datafield>
  <datafield tag="915" ind1=" " ind2=" ">
    <subfield code="a">30/06/15 11:06</subfield>
  </datafield>
  <datafield tag="916" ind1=" " ind2=" ">
    <subfield code="a">NULL</subfield>
  </datafield>
  <datafield tag="917" ind1=" " ind2=" ">
    <subfield code="a">NULL</subfield>
  </datafield>
  <datafield tag="918" ind1=" " ind2=" ">
    <subfield code="a">NO APLICA</subfield>
  </datafield>
  <datafield tag="919" ind1=" " ind2=" ">
    <subfield code="a">["95"]</subfield>
  </datafield>
  <datafield tag="520" ind1=" " ind2=" ">
    <subfield code="a">El objetivo principal de esta investigaci&#xF3;n consisti&#xF3; en determinar en qu&#xE9; medida las estrategias metodol&#xF3;gicas utilizadas por los docentes del Centro Universitario Regional de Nagua (CURNA), son eficaces en el proceso de enriquecimiento del l&#xE9;xico por parte de los alumnos y alumnas. &#xA0;La metodolog&#xED;a utilizada fue de car&#xE1;cter descriptivo. &#xA0;Como instrumento se emple&#xF3; dos cuestionarios.Se trabaj&#xF3; con una muestra de 275 educando y 6 docentes del &#xE1;rea de Letras B&#xE1;sica del CURNA, en el primer semestre del 2004.Se concluye que en cuanto a las estrategias metodol&#xF3;gicas utilizadas por los docentes del &#xE1;rea de Letras B&#xE1;sicas, indican que estos utilizan pocas veces la lectura y an&#xE1;lisis de textos, de igual manera &#xA0;los resultados del estudio determinaron que los docentes,pocas veces utilizan el diccionario como recurso, el cual es de gran importancia para la ense&#xF1;anza de la lengua. &#xA0;Los docentes del CURNA, utilizan muy poco las t&#xE9;cnicas de dominio polis&#xE9;micos, hom&#xF3;fonos, hom&#xF3;grafos, ant&#xF3;nimos y sin&#xF3;nimos. &#xA0;El uso de estas terminolog&#xED;as sem&#xE1;nticas provee al docente la posibilidad de abordar categor&#xED;as fundamentales, para mejorar el discurso de sus alumnos.Se recomienda a los docentes llevar a cabo estrategias novedosas, incluyendo actividades como c&#xED;rculos de lectura, homosintaxis, par&#xE1;frasis, comentarios de textos y otras t&#xE9;cnicas que ayuden al alumno a enriquecer su vocabulario. &#xA0;Utilizar recursos como: peri&#xF3;dicos, revistas, obras literarias, diccionarios y textos diversos que pongan al alumno en contacto con la lectura. &#xA0;En tal sentido se hace necesario que los educandos asuman la tarea lectora desde temprana edad y a lo largo de su vida, pues en los libros, siempre encontraran cosas nuevas que aprender y t&#xE9;rminos nuevos que deben asumir e incorporar a su vocabulario.</subfield>
  </datafield>
  <datafield tag="921" ind1=" " ind2=" ">
    <subfield code="a">16</subfield>
  </datafield>
  <datafield tag="922" ind1=" " ind2=" ">
    <subfield code="a">16</subfield>
  </datafield>
  <datafield tag="923" ind1=" " ind2=" ">
    <subfield code="a">0</subfield>
  </datafield>
  <datafield tag="924" ind1=" " ind2=" ">
    <subfield code="a">NO APLICA</subfield>
  </datafield>
  <datafield tag="942" ind1=" " ind2=" ">
    <subfield code="c">Tesis</subfield>
  </datafield>
  <datafield tag="999" ind1=" " ind2=" ">
    <subfield code="c">2875</subfield>
    <subfield code="d">2875</subfield>
  </datafield>
</record>
